01020cam a22002531 4500001001300000003000400013005001700017008004100034010001700075035001900092040004300111042001200154043001200166050003000178100004200208245022800250260005400478300004800532490006600580504002500646504005500671650002300726999001700749gs 19000429 DLC20260227111324.0790206s1919 kyuab b s001 0 eng c ags 19000429  a(OCoLC)4620836 aU.S. Geol. survey. LibrarycNcBoAdDLC apremarc an-us-ky00aQE115b.A25 ser. 5, no. 21 aMiller, Arthur McQuiston,d1861-1929.14aThe geology of Kentucky,ba classified compend of state reports and other publications, with critical comment based on original investigations,cby Arthur McQuiston Miller, illustrated with 114 photographs, maps and diagrs. aFrankfort,bDept. of geology and forestry,c1919. axxix, 392 p.bfront., illus., maps.c24 cm.0 aKentucky. Dept. of geology and forestry. Series 5. Bulletin 2 aContains references. a"Geological bibliography of Kentucky": p. 357-392. 0aGeologyzKentucky. c25964d25964